Dinámicas de grupo y orientación educativa

Wedi'i Gadw mewn:
Manylion Llyfryddiaeth
Prif Awdur: Rosado, Miguel Angel (Awdur)
Fformat: Llyfr
Iaith:Sbaeneg
Cyhoeddwyd: Ciudad de México Trillas 1988
Pynciau:
Tagiau: Ychwanegu Tag
Dim Tagiau, Byddwch y cyntaf i dagio'r cofnod hwn!

MARC

LEADER 00000nam a2200000 a 4500
001 UCW4921
003 CL-VaPUC
008 901003e19880000MX |||||||||||||||||spa|d
082 0 4 |a 371.425  |b ROS  |2 21 
100 0 |a Rosado, Miguel Angel  |e author  |9 309742 
245 1 0 |a Dinámicas de grupo y orientación educativa 
300 |a 82 p 
942 |c BK 
945 |d 19901003 00:00:00 
260 |a Ciudad de México  |b Trillas  |c 1988 
650 0 |a Orientación vocacional  |9 255692 
650 0 |a Juventud  |9 271073 
650 0 |a Orientación profesional   |9 308504 
583 |a last modification  |c 20170829 10:13:03  |k Rodrigo Vera 
999 |c 218492  |d 218490 
952 |0 0  |1 0  |4 0  |6 371_425000000000000_ROS_1988  |7 0  |8 P  |9 208158  |a BIBEDU  |b BIBEDU  |c BIBEDU_PB  |d 2019-11-15  |i 276041K  |o 371.425 ROS 1988  |p 276041K  |r 2024-01-25  |w 2019-11-15  |y BK  |k EDU